Innovations in investment management (Record no. 6776)

MARC details
000 -LEADER
fixed length control field 00481 a2200169 4500
001 - CONTROL NUMBER
control field 132409
003 - CONTROL NUMBER IDENTIFIER
control field OSt
005 - DATE AND TIME OF LATEST TRANSACTION
control field 20211027122924.0
008 - FIXED-LENGTH DATA ELEMENTS--GENERAL INFORMATION
fixed length control field
082 ## - DEWEY DECIMAL CLASSIFICATION NUMBER
Classification number 658.152
Item number I6I
245 1# - TITLE STATEMENT
Title Innovations in investment management
Statement of responsibility, etc edited by H. Gifford Fong
260 ## - PUBLICATION, DISTRIBUTION, ETC. (IMPRINT)
Place of publication, distribution, etc New Delhi
Name of publisher, distributor, etc Viva Books
Date of publication, distribution, etc 2009
300 ## - PHYSICAL DESCRIPTION
Extent 223p.
690 ## - LOCAL SUBJECT ADDED ENTRY--TOPICAL TERM (OCLC, RLIN)
Topical term or geographic name as entry element Portfolio management; Investment analysis; Investments
700 ## - ADDED ENTRY--PERSONAL NAME
Personal name Fong, H. Gifford
Relator term Editor
942 ## - ADDED ENTRY ELEMENTS (KOHA)
Source of classification or shelving scheme Dewey Decimal Classification
Koha item type Books
Holdings
Withdrawn status Lost status Source of classification or shelving scheme Damaged status Not for loan Collection code Home library Current library Date acquired Source of acquisition Cost, normal purchase price Full call number Barcode Date last seen Price effective from Koha item type
    Dewey Decimal Classification     General Text Book Central University Of Rajasthan Central University Of Rajasthan 08/06/2012 MGM 395.00 658.152 I6I 9227 21/11/2024 02/09/2020 Books